| 000 | 00488 a2200193 4500 | ||
|---|---|---|---|
| 001 | 002343 | ||
| 003 | OSt | ||
| 005 | 20220119150331.0 | ||
| 008 | |||
| 082 |
_a519.4 _bS65I |
||
| 100 | 1 | _aStore, J. | |
| 245 | 1 |
_aIntroduction to numerical analysis _cby J. Store and R. Bulirsch |
|
| 250 | _a3rd ed. | ||
| 260 |
_aNew York _bSpringer _c2009 |
||
| 300 | _a744p. | ||
| 653 | _aNumerical analysis; Mathematics | ||
| 700 | _aBulirsch, R. | ||
| 942 |
_2ddc _cBK |
||
| 999 |
_c77 _d77 |
||